Robust control design : a polynomial approach /
Gespeichert in:
| 1. Verfasser: | |
|---|---|
| Format: | Buch |
| Sprache: | Englisch |
| Veröffentlicht: |
Boston
Kluwer Academic Publishers
1995.
|
| Schlagworte: | |
| Online-Zugang: | Im OPAC anzeigen |
| Tags: |
Keine Tags, Fügen Sie das erste Tag hinzu!
|
MARC
| LEADER | 00000cam a2200000 a 4500 | ||
|---|---|---|---|
| 005 | 20260127134220.0 | ||
| 008 | 111024s1995 maua b 001 0 eng | ||
| 010 | |a 95-024506 | ||
| 020 | |a 0792396170 (acidfree paper) | ||
| 035 | |a vtls010320322 | ||
| 039 | 9 | |y 201110241051 |z mschk03 | |
| 040 | |a DLC |c DLC |d DLC |d STUSCHK1 | ||
| 082 | 0 | 0 | |a 629.8 |2 20 |
| 100 | 1 | |a Djaferis, Theodore E. | |
| 245 | 1 | 0 | |a Robust control design : |b a polynomial approach / |c Theodore E. Djaferis. |
| 260 | |a Boston |b Kluwer Academic Publishers |c 1995. | ||
| 300 | |a xix, 262 p. |b ill. |c 25 cm. | ||
| 504 | |a Includes bibliographical references (p. [253]-258) and index. | ||
| 650 | 0 | |a Automatic control. | |
| 650 | 0 | |a Polynomials. | |
| 906 | |a 7 |b cbc |c orignew |d 1 |e ocip |f 19 |g y-gencatlg | ||
| 910 | |a SCHK95 | ||
| 919 | |a 978-0-7923-9617-8 | ||
| 920 | |a ** LC HAS REQ'D # OF SHELF COPIES ** | ||
| 991 | |b c-GenColl |h TJ213 |i .D547 1995 |t Copy 1 |w BOOKS | ||
| 999 | |c 6914 |d 6914 | ||